Modern mangement accounting (Record no. 51481)

MARC details
000 -LEADER
fixed length control field 00483nam a2200133 a 4500
008 - FIXED-LENGTH DATA ELEMENTS--GENERAL INFORMATION
fixed length control field 120416s1977 ||||||||||||||||| || u
050 ## - LIBRARY OF CONGRESS CALL NUMBER
Classification number HF 5635 Tha
100 ## - MAIN ENTRY--PERSONAL NAME
Personal name Thacker, Ronald James
245 10 - TITLE STATEMENT
Title Modern mangement accounting
260 ## - PUBLICATION, DISTRIBUTION, ETC.
Place of publication, distribution, etc. Reston, Va.
Name of publisher, distributor, etc. Reston Pulishing Co
Date of publication, distribution, etc. (1977)
300 ## - PHYSICAL DESCRIPTION
Extent xii, 596p. : ill.
350 ## - PRICE (NR) (BK AM CF MU VM SE) [OBSOLETE]
Price 0.00
995 ## - RECOMMENDATION 995 [LOCAL, UNIMARC FRANCE]
-- 0.00
-- CBU-MAIN LIBRARY (Kitwe)
-- 1
-- 0.00
-- 1
-- DAMAGED
-- Main Library Open Access Collection
Holdings
Withdrawn status Lost status Source of classification or shelving scheme Damaged status Not for loan Home library Current library Shelving location Date acquired Total Checkouts Full call number Barcode Date last seen Price effective from Koha item type
          CBU-MAIN LIBRARY, KITWE. CBU-MAIN LIBRARY, KITWE.   11/30/2022   HF 5635 Tha 006602 11/30/2022 11/30/2022 MONOGRAPH